|
|
|
|
| LEADER |
00000nam0a2200000 4500 |
| 001 |
100589 |
| 005 |
20231031112141.0 |
| 010 |
|
|
|a 5699152199
|
| 035 |
|
|
|a (RuTPU)RU\TPU\book\108234
|
| 090 |
|
|
|a 100589
|
| 100 |
|
|
|a 20060824d2006 m y0rusy50 ca
|
| 101 |
1 |
|
|a rus
|c rus
|
| 102 |
|
|
|a RU
|
| 105 |
|
|
|a y z 000ay
|
| 200 |
1 |
|
|a Аптекарь, его сестра и её любовник
|e пер. с англ.
|e роман
|f С. Браун
|
| 210 |
|
|
|a Москва
|c Эксмо
|d 2006
|
| 215 |
|
|
|a 445 с.
|
| 225 |
1 |
|
|a Фантазии женщины среднего возраста
|
| 610 |
1 |
|
|a американская литература
|
| 610 |
1 |
|
|a романы
|
| 610 |
1 |
|
|a детективы
|
| 610 |
1 |
|
|a любовь
|
| 675 |
|
|
|a 82
|v 3
|
| 700 |
|
1 |
|a Браун
|b С.
|g Сандра
|
| 801 |
|
1 |
|a RU
|b 63413507
|c 20060824
|g PSBO
|
| 801 |
|
2 |
|a RU
|b 63413507
|c 20061004
|g PSBO
|
| 942 |
|
|
|c BK
|